[Event "Venice Province-ch 69th"]
[Site "Venice Mestre"]
[Date "2009.02.01"]
[Round "5"]
[White "Belloni, Umberto"]
[Black "Bastianello, Tito"]
[Result "1-0"]
[WhiteElo "1879"]
[BlackElo "1566"]
[PlyCount "63"]
[EventDate "2009.01.30"]
[EventType "swiss"]
[EventRounds "5"]
[EventCountry "ITA"]
[SourceTitle "EXT 2022"]
[Source "ChessBase"]
[SourceDate "2021.10.06"]
[SourceVersion "1"]
[SourceVersionDate "2021.10.06"]
[SourceQuality "1"]

1. d4 Nf6 2. c3 g6 3. Bg5 Bg7 4. Nd2 d6 5. e3 Bf5 6. Bxf6 Bxf6 7. h4 c5 8. Ngf3 e5 9. dxe5 dxe5 10. Nc4 Qxd1+ 11. Rxd1 Bg4 12. Be2 Nd7 13. Nd6+ Ke7 14. Ng5 Bxe2 15. Kxe2 Bxg5 16. hxg5 Nf8 17. Ne4 Ne6 18. Rd5 Rac8 19. Rxe5 Rc6 20. Kd2 Ra6 21. Kc2 Rxa2 22. f4 c4 23. g4 Kd7 24. Rd1+ Kc6 25. f5 Ng7 26. Rd6+ Kc7 27. Rc5+ Kb8 28. f6 Ne6 29. Rxc4 Ra5 30. Rd7 Rf8 31. Nd6 Nd8 32. Rc8# 1-0

[Event "Crema op 10th"]
[Site "Crema"]
[Date "2008.09.07"]
[Round "5"]
[White "Bastianello, Tito"]
[Black "Acunzo, Domenico"]
[Result "0-1"]
[WhiteElo "1494"]
[BlackElo "1787"]
[PlyCount "110"]
[EventDate "2008.09.05"]
[EventType "swiss"]
[EventRounds "6"]
[EventCountry "ITA"]
[SourceTitle "EXT 2011"]
[Source "ChessBase"]
[SourceDate "2010.11.26"]
[SourceVersion "1"]
[SourceVersionDate "2010.11.26"]
[SourceQuality "1"]

1. e4 e6 2. d4 d5 3. Nc3 Bb4 4. a3 Bxc3+ 5. bxc3 dxe4 6. Qg4 Nf6 7. Qxg7 Rg8 8. Qh6 Rg6 9. Qd2 c5 10. Bb2 b6 11. 0-0-0 Ba6 12. f3 Bxf1 13. Rxf1 e3 14. Qxe3 Nd5 15. Qd2 Qg5 16. Qxg5 Rxg5 17. g3 cxd4 18. cxd4 Ne3 19. Rf2 Nc4 20. f4 Ra5 21. Rf3 Nxb2 22. Kxb2 Nc6 23. Rd3 Rd8 24. Nf3 Ra4 25. Rhd1 Rd5 26. Ka2 b5 27. Rb3 a6 28. c3 Na5 29. Rb4 Rxb4 30. cxb4 Nc4 31. Kb3 Ke7 32. Ng5 f6 33. Ne4 e5 34. Nc3 Rxd4 35. Rxd4 exd4 36. Nd5+ Ke6 37. Nc7+ Kf5 38. Nxa6 Ke4 39. a4 d3 40. a5 d2 41. Kc2 Ke3 42. Nc5 Nb2 43. Kxb2 d1Q 44. a6 Qd4+ 45. Kb3 Qc4+ 46. Ka3 Qc3+ 47. Nb3 Qc6 48. Nc5 Kf3 49. Kb3 Kg2 50. g4 Kxh2 51. g5 f5 52. Kc3 Kg3 53. Kb3 Kxf4 54. a7 Qa8 55. Ne6+ Kg4 0-1